|
|
|
|
| LEADER |
00000nab a2200000 ar4500 |
| 001 |
vtls011707633 |
| 003 |
SK-MaSNL |
| 005 |
20260303162122.0 |
| 008 |
170821c2017 xo wr|p|||||||000 b|slo |
| 038 |
|
|
|a PPPK
|
| 040 |
|
|
|a PPPKCL
|b slo
|c PPPKCL
|e AACR2
|
| 041 |
0 |
|
|a slo
|
| 044 |
|
|
|a xo
|c SK
|
| 080 |
|
|
|a 929-058.1
|x (437.671)
|2 2011
|
| 080 |
|
|
|a 929 Gašparec, Miloš
|2 2011
|
| 080 |
|
|
|a 929 Hunsdorfer, Emmerich
|2 2011
|
| 080 |
|
|
|a 929 Ottó, Alojz
|2 2011
|
| 245 |
0 |
0 |
|a Historický kalendár
|c [autor] Pripravené v spolupráci s Podtatranskou knižnicou
|
| 600 |
1 |
7 |
|a Gašparec, Miloš,
|d 1895-1967
|2 pppkcl
|9 119481
|
| 600 |
1 |
7 |
|a Hunsdorfer, Emmerich,
|d 1930-2007
|2 pppkcl
|9 1185361
|
| 600 |
1 |
7 |
|a Ottó, Alojz,
|d 1877-1947
|2 pppkcl
|9 1185362
|
| 650 |
0 |
7 |
|a osobnosti
|2 pppkcl
|9 29820
|
| 650 |
0 |
7 |
|a rodáci
|2 pppkcl
|9 30842
|
| 651 |
|
7 |
|a Poprad (Slovensko)
|2 pppkcl
|9 20155
|
| 651 |
|
7 |
|a Kežmarok (Slovensko)
|2 pppkcl
|9 26808
|
| 651 |
|
7 |
|a Nižná Šuňava (Šuňava, Slovensko)
|2 pppkcl
|9 55582
|
| 651 |
|
7 |
|a Poprad (Slovensko : okres)
|2 pppkcl
|9 28675
|
| 773 |
0 |
|
|t Podtatranské noviny
|g Roč. LVII, č. 33 (2017), s. 8
|x 1210-2423
|
| 852 |
|
|
|a PPPK
|b KIS3GCP
|
| 999 |
|
|
|c 2052283
|d 2054213
|